Valuations for financial statements under UK GAAP (Record no. 112284)

MARC details
000 -LEADER
fixed length control field 01283cad a22002775a 4500
001 - CONTROL NUMBER
control field E152942
008 - FIXED-LENGTH DATA ELEMENTS--GENERAL INFORMATION
fixed length control field 110517s2011 xxk f 000 0 eng d
020 ## - INTERNATIONAL STANDARD BOOK NUMBER
International Standard Book Number 9781842196731
035 ## - SYSTEM CONTROL NUMBER
System control number (Sirsi) u152942
041 0# - LANGUAGE CODE
Language code of text/sound track or separate title eng
050 04 - LIBRARY OF CONGRESS CALL NUMBER
Classification number 333.332 $2 18
110 2# - MAIN ENTRY--CORPORATE NAME
Corporate name or jurisdiction name as entry element Royal Institution of Chartered Surveyors
9 (RLIN) 4900
245 00 - TITLE STATEMENT
Title Valuations for financial statements under UK GAAP
Remainder of title RICS guidance note
Medium [electronic resource]
250 ## - EDITION STATEMENT
Edition statement 2nd ed.
260 ## - PUBLICATION, DISTRIBUTION, ETC.
Place of publication, distribution, etc. Coventry
Name of publisher, distributor, etc. RICS
Date of publication, distribution, etc. 2011
300 ## - PHYSICAL DESCRIPTION
Extent 23p.
Dimensions 30cm.
490 #0 - SERIES STATEMENT
Series statement RICS Guidance Note
Volume/sequential designation (GN 71/2011)
520 ## - SUMMARY, ETC.
Summary, etc. Out of date, archived 13/04/2015.
520 ## - SUMMARY, ETC.
Summary, etc. Provides an in-depth analysis of the concept of Existing Use Value (EUV) as defined in the RICS Valuation Standards. Using 12 examples, a range of situations are illustrated and practical guidance is offered on how EUV differs from Market Value, how it should be reported and the disclosures that have to be made.
590 ## - LOCAL NOTE (RLIN)
Local note KA
650 24 - SUBJECT ADDED ENTRY--TOPICAL TERM
Topical term or geographic name entry element RICS VALUATION STANDARDS
651 #4 - SUBJECT ADDED ENTRY--GEOGRAPHIC NAME
Geographic name United Kingdom
Chronological subdivision
690 ## - LOCAL SUBJECT ADDED ENTRY--TOPICAL TERM (OCLC, RLIN)
Topical term or geographic name as entry element PROPERTY-PROPERTY APPRAISAL AND VALUATION
856 40 - ELECTRONIC LOCATION AND ACCESS
Uniform Resource Identifier <a href="https://www.rics.org/Global/Downloads/RICS_Valuation_for_financial_statements_under_UK_GAAP_2011.pdf">https://www.rics.org/Global/Downloads/RICS_Valuation_for_financial_statements_under_UK_GAAP_2011.pdf</a>
Public note View the guidance free of charge (members only) at www.rics.org
942 ## - ADDED ENTRY ELEMENTS (KOHA)
Suppress in OPAC 0
Holdings
Withdrawn status Lost status Source of classification or shelving scheme Damaged status Not for loan Home library Current library Shelving location Date acquired Total Checkouts Full call number Barcode Date last seen Copy number Price effective from Koha item type
    Dewey Decimal Classification     London London RICS Boxes 17/05/2011   RICS 2011/11 30075628 06/08/2019 1 06/08/2019 Archive
    Dewey Decimal Classification     London London RICS Boxes 06/06/2011   RICS 2011/11 30075728 06/08/2019 3 06/08/2019 Book
    Dewey Decimal Classification     London London RICS Boxes 06/06/2011   RICS 2011/11 30075732 06/08/2019 4 06/08/2019 Book
    Dewey Decimal Classification     Virtual Virtual Online 06/06/2011   ONLINE PUBLICATION 152942-4001 06/08/2019 1 06/08/2019 Book